Global forests : Issues for six billion people

Bibliographic Details
Main Author: LAARMAN
Other Authors: Sedjo
Format: Book
Published: New York : McGraw-Hill , 1992
Series:McGraw-Hill series in forest resources
Subjects:

MARC

LEADER 00000cam a2200000 7i4500
001 0000000386
005 20000808.0
020 0 0 |a 0070357021 
090 0 0 |a 333.75   |b LAA 1992 
100 1 0 |a LAARMAN   |h Jan G. 
245 1 0 |a Global forests :   |b Issues for six billion people   |c Jan G. Laarman, Roger A. Sedjo 
260 0 0 |a New York :   |b McGraw-Hill ,   |c 1992 
300 |a xxviii, 337 p. :   |b ill., maps ;   |c 25 cm. 
440 0 0 |a McGraw-Hill series in forest resources 
500 0 0 |a Includes bibliographical references and index 
650 0 0 |a Forest management 
650 0 0 |a Forest products industry 
650 0 0 |a Forests and forestry 
650 0 0 |a Forests and forestry   |x Economic aspects 
650 0 0 |a Forests and forestry   |x International cooperation 
700 0 1 |a Sedjo   |h Roger A. 
999 |a 0000000355   |b Monograph   |c Open Shelf   |e Default branch